01093nam a2200265 a 4500001001000000003000400010005001700014008004100031020001800072040002500090082002400115100002700139245007400166250001100240260010000251300003600351500005700387500015200444650002800596650002700624650002500651650005800676650003800734651005500772000025278OSt20260303133933.0100409s2010 dr ac r 000 0 spa d a9789945424478 aDO-SdBNPbspacBNPHU aRD863.44bP349a2221 aPeña, Dennis,d1953-10a¡Ay, mi mai! :bvivencias anecdóticas culturales /cDennis Peña. a2a ed. aSanto Domingo :bAsociación Dominicana de Librero y Afines Incorporado (ASODOLIBRO),c2010f  a158 p. :bil., retrs. ;c21 cm. aIncluye datos biográficos del autor en las solapas aEdición especial para la XII Feria Internacional del Libro, dedicada a Brasil y a Juan Bosch y Gabiño, en honor al centenario de su nacimiento  4aAnécdotas dominicanas 0aLiteratura dominicana. 0aHumorismo dominicano 4aVida cotidianavAnécdotas, chistes, sátiras, etc. 4aFilosofía de la vida cotidiana. 4aRepública Dominicana xVida social y costumbres